000 00743nam a2200241 i 4500
001 24828
003 ES-MaACL
005 20251003192941.0
007 t|
008 021219s1985 mx ||||1| spa d
020 _a968-16-1935-8
245 0 0 _aAntología de la poesía hispanoamericana /
_cselección, prólogo y notas de Juan Cobo Borda.
250 _a1ª ed.
260 _aMéxico :
_bFondo de Cultura Económica,
_c1985.
300 _a518 p. ;
_c23 cm.
490 1 _aTierra firme
500 _aIndices.
650 4 _aPoesía hispanoamericana-
_yS.XX
_916227
700 1 _aCobo Borda, Juan Gustavo,
_d1948-
_939354
830 0 _aTierra firme
_9178734
852 _aES-MaACL
_jL-10267
_bR.111963
999 _c24828
_d24828